000 01019cam a2200313 a 4500
001 4479363
003 ARRUPE
005 20160427150713.0
008 921117s1990 miu b 001 0 eng
010 _a90049617
020 _a0876502664 (set) :
020 _a0876502737 (v. 1)
020 _a0876502745 (v. 2)
035 _a(OCoLC)22488320
035 _a(OCoLC)ocm22488320
035 _a(NNC)4479363
040 _aDLC
_cDLC
_dDLC
050 0 0 _aZ7838.P53
_bC37 1990
_aBX850
100 1 _aCarlen, Claudia (ed.)
_d1906-2004.
_924020
245 1 0 _aPapal pronouncements :
_ba guide : 1740-1978 /
_cClaudia Carlen.
260 _aAnn Arbor, Mich. :
_bPierian Press,
_cc1990.
300 _a5v, xxiii, 957 p. ;
_c29 cm.
504 _aIncludes bibliographical references (v. 1, p. xv-xix) and indexes.
505 0 _av. 1. Benedict XIV to Paul VI -- v. 2. Paul VI to John Paul I.
650 0 _aCatholic Church
_xDoctrines
_94786
650 0 _aEncyclicals, Papal
_99289
942 _2lcc
_cMONOGRAPH
999 _c124676
_d124676